Analýza vplyvu zníženia sadzby dane z pridanej hodnoty na základné potraviny v Slovenskej republike

Simulácia a analýza troch reálnych stratégií obchodu, keď štát zníži sadzbu DPH. Dopad týchto stratégií obchodu na spotrebiteľské ceny, spotrebu, objem DPH, objem obchodnej a výrobnej marže. Pri všetkých troch stratégiách obchodu sa predpokladá, že štát zníži sadzbu DPH.

Enregistré dans:
Détails bibliographiques
Auteur principal: Strieška, Ľubomír
Autres auteurs: Kissová, Jana, 1979-
Format: Chapitre de livre
Langue:slovaque
Sujets:
Tags: Ajouter un tag
Pas de tags, Soyez le premier à ajouter un tag!

MARC

LEADER 00000nla a2200000 4500
001 0224218
005 20240502073654.4
041 0 |a slo 
044 |a SK 
245 1 0 |a Analýza vplyvu zníženia sadzby dane z pridanej hodnoty na základné potraviny v Slovenskej republike  |c Ľubomír Strieška, Jana Kissová 
520 |a Simulácia a analýza troch reálnych stratégií obchodu, keď štát zníži sadzbu DPH. Dopad týchto stratégií obchodu na spotrebiteľské ceny, spotrebu, objem DPH, objem obchodnej a výrobnej marže. Pri všetkých troch stratégiách obchodu sa predpokladá, že štát zníži sadzbu DPH. 
610 2 0 |a dane z hodnoty pridanej 
610 2 0 |a simulácia 
610 2 0 |a analýzy 
610 2 0 |a ceny spotrebiteľské 
610 2 0 |a spotreba 
610 2 0 |a marža 
610 2 0 |a stratégia obchodná 
610 2 0 |a prognózovanie 
100 1 |a Strieška, Ľubomír 
700 1 |a Kissová, Jana, 1979-